000 00546cam a22001815a 4500
001 L157548
008 130115s1946 xxk f 000 0 eng d
035 _a(Sirsi) u157548
041 0 _aeng
110 2 _aChartered Surveyors' Institution
_92274
245 0 0 _aExamination concessions to ex-service candidates
260 _aLondon
_bRICS
_c[1946]
300 _a[5] l.
_c22 cm.
520 _aSets out the examination arrangements for ex-service candidates.
651 4 _aGreat Britain
_y1707-
690 _aBusiness and management
942 _n0
999 _c114830
_d114830